| 000 | 00405nam a2200181Ia 4500 | ||
|---|---|---|---|
| 008 | 220531s9999 xx 000 0 und d | ||
| 041 | _aeng | ||
| 082 | _bNAM / LAH | ||
| 100 |
_aLahiri, Jhumpa _950955 |
||
| 245 | _aNamesake | ||
| 250 | _a1ST | ||
| 260 |
_bHarper Collins _c2006 |
||
| 300 | _a291 | ||
| 542 | _d01-03-2007 | ||
| 650 |
_aEnglish _950956 |
||
| 906 | _d2006-2007 | ||
| 999 |
_c29692 _d29692 |
||